000 00319nam a2200145Ia 4500
008 230718s9999 xx 000 0 und d
041 _aEng.
082 _a330
_bCHR-E
100 _aChrystal Lipsey
245 0 _aEconomics
260 _aPakistan
_bMacmillan fab
_c2006
300 _a521
650 _aLaw
999 _c26313
_d26313